<?xml version="1.0" encoding="UTF-8"?>
<collection xmlns="http://www.loc.gov/MARC21/slim">
 <record>
  <leader>     na                 </leader>
  <controlfield tag="001">INLIS000000000003411</controlfield>
  <controlfield tag="005">20221110011828</controlfield>
  <datafield tag="035" ind1=" " ind2=" ">
   <subfield code="a">0010-0520003411</subfield>
  </datafield>
  <controlfield tag="008">221110                |          | eng  </controlfield>
  <datafield tag="020" ind1=" " ind2=" ">
   <subfield code="a">0-07112-114-5</subfield>
  </datafield>
  <datafield tag="041" ind1=" " ind2=" ">
   <subfield code="a">eng</subfield>
  </datafield>
  <datafield tag="082" ind1=" " ind2=" ">
   <subfield code="a">658.3</subfield>
  </datafield>
  <datafield tag="084" ind1=" " ind2=" ">
   <subfield code="a">658.3 EVA g</subfield>
  </datafield>
  <datafield tag="100" ind1="0" ind2=" ">
   <subfield code="a">Evans, Paul</subfield>
  </datafield>
  <datafield tag="700" ind1="0" ind2=" ">
   <subfield code="a">Vladimir Pucik</subfield>
  </datafield>
  <datafield tag="700" ind1="0" ind2=" ">
   <subfield code="a">and Jean-Louis Barsoux</subfield>
  </datafield>
  <datafield tag="245" ind1="1" ind2="4">
   <subfield code="a">Global Challenge :</subfield>
   <subfield code="b">Frameworks for International Human Resource Mangement /</subfield>
   <subfield code="c">Paul Evans</subfield>
  </datafield>
  <datafield tag="260" ind1=" " ind2=" ">
   <subfield code="a">USA :</subfield>
   <subfield code="b">McGraw-Hill,</subfield>
   <subfield code="c">2002</subfield>
  </datafield>
  <datafield tag="300" ind1=" " ind2=" ">
   <subfield code="a">xx, 554p. :</subfield>
   <subfield code="b">: illus. ;</subfield>
   <subfield code="c">23 cm.</subfield>
  </datafield>
  <datafield tag="500" ind1=" " ind2=" ">
   <subfield code="a">Indeks : p.535 - 554</subfield>
  </datafield>
  <datafield tag="504" ind1=" " ind2=" ">
   <subfield code="a">p.449 - 534</subfield>
  </datafield>
  <datafield tag="520" ind1=" " ind2=" ">
   <subfield code="a">This book focuses on the human resource management challenges that accompany the process of internationalization and how to operate in an interconnected world where people are the source of sustainable competitive advantage. Each chapter in it is a stand-alone guide to a particular aspect of international human resource management - from the history of international human resources management in the first chapter to the functional implications for human resource professionals in the last; from managing the human side of cross-border acquisitions to building multinational coordination without falling into the traps of stultifying bureaucracy. A version of it can be tailor-made for a particular course using selected chapters with appropriate case and reading material. Part 1, sets the stage for it by reminding the reader of our historical context, tracing how the domain of international human resource management has evolved. Part 2, reviews the human resource management implications of four paths for international development. Part 3, addresses the role of human resource management in resolving the contradictions of the transnational enterprise, with its challenges of local entrepreneurship and global coordination. Part 4, consists of a final chapter that addresses the implications, above all for the professional human resource manager.</subfield>
  </datafield>
  <datafield tag="650" ind1=" " ind2="4">
   <subfield code="a">International Business Enterprises - Personnel Management</subfield>
  </datafield>
  <datafield tag="990" ind1=" " ind2=" ">
   <subfield code="a">11131//MKRI-P/XI-2008</subfield>
  </datafield>
  <datafield tag="990" ind1=" " ind2=" ">
   <subfield code="a">11132/MKRI-P/XI-2008</subfield>
  </datafield>
  <datafield tag="990" ind1=" " ind2=" ">
   <subfield code="a">11132/MKRI-P/XI-2008</subfield>
  </datafield>
  <datafield tag="990" ind1=" " ind2=" ">
   <subfield code="a">11131//MKRI-P/XI-2008</subfield>
  </datafield>
  <datafield tag="990" ind1=" " ind2=" ">
   <subfield code="a">11131//MKRI-P/XI-2008</subfield>
  </datafield>
  <datafield tag="990" ind1=" " ind2=" ">
   <subfield code="a">11132/MKRI-P/XI-2008</subfield>
  </datafield>
 </record>
</collection>
